Groups, rings and modules with applications (Record no. 980)
[ view plain ]
| 000 -LEADER | |
|---|---|
| Fixed length control field | 00469nam a2200169 4500 |
| 003 - CONTROL NUMBER IDENTIFIER | |
| Control field | SEACOMEC |
| 005 - DATE AND TIME OF LATEST TRANSACTION | |
| Control field | 20240502153954.0 |
| 008 - FIXED-LENGTH DATA ELEMENTS--GENERAL INFORMATION | |
| Fixed length control field | 240502b |||||||| |||| 00| 0 eng d |
| 022 ## - INTERNATIONAL STANDARD SERIAL NUMBER / ISSN | |
| International Standard Serial Number | 8173714290 |
| Price | Rs.250.00 |
| 040 ## - CATALOGING SOURCE | |
| Original cataloging agency | SEACOMEC |
| 082 ## - DEWEY DECIMAL CLASSIFICATION NUMBER | |
| Classification number | 512 |
| Book Number | A234 |
| 100 ## - MAIN ENTRY--PERSONAL NAME | |
| Personal name | Adhikari, M R. |
| 245 1# - TITLE STATEMENT | |
| Title | Groups, rings and modules with applications |
| Statement of responsibility | M.R. Adhikari.Avishek Adhikari |
| 260 ## - IMPRINT | |
| Place of publication | Hyderabad |
| Name of publisher | Universities Press |
| Date of publication | 2003 |
| 650 ## - SUBJECT ADDED ENTRY--TOPICAL TERM | |
| Topical term | ALGEBRA |
| 942 ## - ADDED ENTRY ELEMENTS (KOHA) | |
| Koha item type | Books |
| Withdrawn status | Lost status | Source of classification | Damaged status | Not for loan | Home library | Current library | Date acquired | Total Checkouts | Call number | Accession number | Date last seen | Price effective from | Koha item type | Copy number |
|---|---|---|---|---|---|---|---|---|---|---|---|---|---|---|
| Dewey Decimal Classification | SEACOM ENGINEERING COLLEGE | SEACOM ENGINEERING COLLEGE | 13/06/2006 | 512 A234 | 3912 | 02/05/2024 | 02/05/2024 | Books | ||||||
| Dewey Decimal Classification | SEACOM ENGINEERING COLLEGE | SEACOM ENGINEERING COLLEGE | 13/06/2006 | 512 A234 | 3913 | 02/05/2024 | 02/05/2024 | Books | 1 | |||||
| Dewey Decimal Classification | SEACOM ENGINEERING COLLEGE | SEACOM ENGINEERING COLLEGE | 13/06/2006 | 512 A234 | 3914 | 02/05/2024 | 02/05/2024 | Books | 2 | |||||
| Dewey Decimal Classification | SEACOM ENGINEERING COLLEGE | SEACOM ENGINEERING COLLEGE | 13/06/2006 | 512 A234 | 3915 | 02/05/2024 | 02/05/2024 | Books | 3 | |||||
| Dewey Decimal Classification | SEACOM ENGINEERING COLLEGE | SEACOM ENGINEERING COLLEGE | 13/06/2006 | 512 A234 | 3916 | 02/05/2024 | 02/05/2024 | Books | 4 |
